000 00280nam a22001217a 4500
008 160510b xxu||||| |||| 00| 0 eng d
020 _a9781401825744
020 _a1401825745
041 _aeng
080 _a61
245 _aThe medical manager:
_cRichard Gartee;
942 _2udc
_cBK
999 _c2003
_d2003